| 000 | 01124nam a2200313 4500 | ||
|---|---|---|---|
| 003 | OSt | ||
| 005 | 20260601171011.0 | ||
| 008 | 260508b1999\\\\\\\|||||\||||\00|\0\eng\d | ||
| 020 | _a9519823425 | ||
| 040 |
_aICI _bspa _cICI |
||
| 041 | _aeng | ||
| 050 |
_aHD9999.C9472 _bF57 |
||
| 100 | 1 |
_a Fiskars Industry _933171 |
|
| 245 | 1 |
_aFISKARS 1649 _b350 years of Finnish industrial history. |
|
| 264 |
_aFinland : _biskars Corporation, _c1999 |
||
| 300 |
_a84 páginas _bilustraciones, fotografías |
||
| 336 |
_atexto _2rdacontent |
||
| 337 |
_asin medio _2rdamedia |
||
| 338 |
_avolumen _2rdacarrier |
||
| 500 | _aEdición en tapa blanda, | ||
| 500 | _aPublicación conmemorativa sobre la historia industrial y empresarial de Fiskars desde 1649. | ||
| 610 |
_aFiskars (Empresa) _933172 |
||
| 650 |
_aIndustria metalúrgica _xHistoria. _zFinlandia _933173 |
||
| 650 |
_aDiseño industrial _zFinlandia. _93490 |
||
| 650 |
_aEmpresas manufactureras _xHistoria. _zFinlandia _933174 |
||
| 650 |
_aHerramientas manuales _xIndustria y comercio. _933175 |
||
| 650 |
_aHistoria económica de Finlandia. _933176 |
||
| 942 |
_2lcc _cB _n1 |
||
| 999 |
_c20515 _d20515 |
||